Blondel y el cristianismo

Saved in:
Bibliographic Details
Main Author: Bouillard, Henri (Author)
Format: Book
Language:Spanish
Published: Madrid Península 1966
Series:Colección Pensamiento Cristiano, 7
Subjects:
Tags: Add Tag
No Tags, Be the first to tag this record!

MARC

LEADER 00000nam a2200000 a 4500
001 UCL6244
003 CL-VaPUC
008 040402e19661000SP |||||||||||||||||spa|d
082 0 4 |a 190  |b BOU  |2 21 
100 0 |a Bouillard, Henri  |e author  |9 483938 
245 1 0 |a Blondel y el cristianismo 
300 |a 328 p 
942 |c BK 
945 |d 20040402 00:00:00  |a vberengu 
260 |a Madrid  |b Península  |c 1966 
600 0 7 |a BLONDEL, MAURICE  |2 CL-VaPUC  |9 335836 
650 0 |a Cristianismo  |9 257361 
650 0 |a Filosofía cristiana   |9 265980 
583 |a last modification  |c 20040402 00:00:00  |k Rodrigo Vera 
490 0 |a Colección Pensamiento Cristiano, 7 
999 |c 308421  |d 308419 
952 |0 0  |1 2  |4 0  |6 190_000000000000000_BOU_1966  |7 0  |8 A  |9 374937  |a BIBTEO  |b BIBTEO  |d 2019-11-21  |i 2108186  |o 190 BOU 1966  |p 2108186  |r 2019-11-21  |w 2019-11-21  |x Descarte 2019  |y BK  |k ICR